Greg Abbott Governor Quiz - Statistics

General Stats
  • This quiz has been taken 5 times
  • The average score is 7 of 12
Answer Stats
Hint Answer % Correct
Prior to being elected governor, Abbott served in this position {Attorney} General
100%
Abbott was elected to his first term in this year 2014
80%
Name one of two years when Abbott served as chair of the Republican Governor’s Association 2019 | 2020
80%
Abbott was appointed to the Texas Supreme Court by this former Governor George W. Bush
80%
Abbott ran for Governor to succeed this former Presidential Candidate and Energy Secretary (famous for forgetting the third agency he would cut as President during a debate) Rick Perry
80%
This is Abbott’s outspoken lieutenant governor who is almost as famous as Abbott, himself Dan Patrick
60%
Greg Abbott is only the third Governor to permanently use a __________ Wheelchair
60%
Abbott was born in this Texas city {Wichita} Falls
60%
Name one of the two Democrats Abbott defeated in his two gubernatorial races Lupe Valdez | Wendy Davis
40%
After graduating from the above, he earned his JD from this major university in Tennesee Vanderbilt
40%
Abbott succeeded this United States senator in the above position John Cornyn
20%
Abbott got his bachelor’s degree from this university University of Texas at Austin
0%
No matching quizzes found
Score Distribution
Percent of People with Each Score
Percentile by Number Answered
Your Score History
You have not taken this quiz